Sports Quiz

Random Sports or Football Quiz
Score 0/22 Timer 05:00
0 Plays Today
% Correct
VfL Wolfsburg
89.8%
1. FC Köln
77.3%
1. FC Kaiserslautern
69.6%
Borussia Mönchengladbach
68.4%
Hamburger SV
68.1%
TSV 1860 München
67.9%
Bayer 04 Leverkusen
67.3%
1. FC Nürnberg
64%
FC Schalke 04
63.5%
Hertha BSC Berlin
63.5%
MSV Duisburg
63%
% Correct
FC St. Pauli
59.9%
1. FC Union Berlin
57.9%
SV Darmstadt 98
55.4%
FC Ingolstadt 04
51.3%
FC Hansa Rostock
49.2%
FC Erzgebirge Aue
49.2%
Holstein Kiel
46.9%
Eintracht Frankfurt
46.2%
SSV Ulm 1846
42.9%
SV 07 Waldhof Mannheim
37.5%
Alemannia Aachen
37.5%
Remove Ads.
Support Sporcle.
Get the best of Sporcle when you Go Orange. This ad-free experience offers more features, more stats, and more fun while also helping to support Sporcle. Thank you for becoming a member.

You're not logged in!

Compare scores with friends on all Sporcle quizzes.
OR
Log In

Show Comments

Extras

Top Quizzes Today


Score Distribution

Your Account Isn't Verified!

In order to create a playlist on Sporcle, you need to verify the email address you used during registration. Go to your Sporcle Settings to finish the process.

Report this User

Report this user for behavior that violates our Community Guidelines.

Details: